000
00335nam a2200133Ia 4500
008
191201s2005 xx 000 0 und d
100
_a
TWAIN, Mark
245
4
_a
The Merriam Webster Thesaurus
250
_a
1st
260
_a
N.Delhi
_b
Marriam Webster, Incarporated
_c
2005
300
_a
668
650
_a
General Books
942
_2
ddc
_c
BK
999
_c
1090
_d
1090